|
|
|
|
| LEADER |
00000nam2a2200000 4500 |
| 001 |
250409 |
| 005 |
20231101232547.0 |
| 035 |
|
|
|a (RuTPU)RU\TPU\book\272609
|
| 090 |
|
|
|a 250409
|
| 100 |
|
|
|a 20140213d1974 m y0rusy50 ca
|
| 101 |
0 |
|
|a rus
|
| 102 |
|
|
|a RU
|
| 105 |
|
|
|a a j 001zy
|
| 200 |
0 |
|
|a Раздел 3 : Растворы. Химическая кинетика и равновесие
|
| 210 |
|
|
|d 1974
|
| 215 |
|
|
|a С. 151-233.
|c ил.
|
| 300 |
|
|
|a Пагинация продолжающаяся.
|
| 320 |
|
|
|a Библиогр.: с. 231.
|
| 461 |
|
1 |
|0 (RuTPU)RU\TPU\book\272916
|t Методическая разработка по некоторым вопросам общей химиии
|f Ю. М. Ерохин
|v Раздел 3 : Растворы. Химическая кинетика и равновесие
|d 1974
|
| 606 |
1 |
|
|a Химия
|x Методика преподавания
|2 stltpush
|3 (RuTPU)RU\TPU\subj\70591
|9 84810
|
| 610 |
1 |
|
|a растворы
|
| 610 |
1 |
|
|a химическая кинетика
|
| 610 |
1 |
|
|a химическое равновесие
|
| 610 |
1 |
|
|a растворимость
|
| 610 |
1 |
|
|a концентрация
|
| 610 |
1 |
|
|a гидролиз
|
| 610 |
1 |
|
|a электролиз
|
| 610 |
1 |
|
|a электропроводность
|
| 610 |
1 |
|
|a методические разработки
|
| 675 |
|
|
|a 54(072)
|v 3
|
| 801 |
|
1 |
|a RU
|b 63413507
|c 20140213
|
| 801 |
|
2 |
|a RU
|b 63413507
|c 20160803
|g RCR
|
| 942 |
|
|
|c BK
|